[Event "EU-chT Seniors 03rd"]
[Site "Dresden"]
[Date "2001.02.26"]
[Round "1.3"]
[White "Morgner, Siegfried"]
[Black "Rost van Tonningen, Otto"]
[Result "1/2-1/2"]
[WhiteElo "1662"]
[BlackElo "2240"]
[EventDate "2001.02.26"]
[PlyCount "49"]

1.Nf3 Nf6 2.d4 d6 3.c4 g6 4.Nc3 Bg7 5.e4 O-O 6.h3 c5 7.d5 b5 8.cxb5 a6 9.
Bd2 axb5 10.Bxb5 Qb6 11.a4 Ba6 12.O-O Bxb5 13.axb5 Nbd7 14.Qe2 Qb7 15.Bf4 
Ne8 16.e5 dxe5 17.Nxe5 Nxe5 18.Bxe5 Bxe5 19.Qxe5 Nd6 20.Rxa8 Rxa8 21.Re1 
Ra7 22.Qe2 Qb6 23.g4 Rb7 24.Kg2 c4 25.Ra1 1/2-1/2

[Event "EU-chT Seniors 03rd"]
[Site "Dresden"]
[Date "2001.02.26"]
[Round "1.3"]
[White "Neubert, Gerhard"]
[Black "Neese, Hans Joachim"]
[Result "0-1"]
[WhiteElo "1849"]
[BlackElo "2157"]
[EventDate "2001.02.26"]
[PlyCount "102"]

1.e4 c5 2.Nc3 Nc6 3.Nf3 d6 4.d4 cxd4 5.Nxd4 Nf6 6.Be2 e6 7.O-O Be7 8.Be3 
O-O 9.Qd2 a6 10.f4 Qc7 11.Nb3 b5 12.Bf3 Bb7 13.Qf2 Rac8 14.Rac1 Nd7 15.
Rfd1 Na5 16.Nxa5 Qxa5 17.a3 b4 18.axb4 Qxb4 19.Rb1 Rfd8 20.Rd4 Rc4 21.Na2 
Qa4 22.Nc3 Qc6 23.Rxc4 Qxc4 24.Ra1 Ra8 25.Ra4 Qc7 26.Ra1 Bc6 27.Rd1 Qb7 
28.b3 Rc8 29.Bd4 Nf6 30.Qe3 h6 31.Rd2 Qb4 32.Qd3 Bb7 33.e5 dxe5 34.fxe5 
Nh7 35.Bxb7 Qxb7 36.Ne4 Rd8 37.Qe3 Ng5 38.Nc5 Qc6 39.b4 a5 40.c3 Qb5 41.
Nd3 axb4 42.cxb4 Ra8 43.h4 Nh7 44.g3 Ra3 45.Bb2 Rb3 46.Qe4 Nf8 47.Qd4 Bxb4
48.Nxb4 Rxb4 49.Qc3 Rb3 50.Qd4 Rxg3+ 51.Kh2 Qb3 0-1

[Event "EU-chT Seniors 03rd"]
[Site "Dresden"]
[Date "2001.02.26"]
[Round "1.4"]
[White "Abendroth, Guenter"]
[Black "Kalmutzki, Manfred"]
[Result "1-0"]
[WhiteElo "2167"]
[BlackElo "1783"]
[EventDate "2001.02.26"]
[PlyCount "91"]

1.e4 c5 2.Nf3 e6 3.d4 cxd4 4.Nxd4 Nf6 5.Bd3 d6 6.O-O a6 7.c4 Be7 8.Nc3 O-O
9.Be3 Nc6 10.Be2 Qc7 11.Rc1 Nxd4 12.Qxd4 Bd7 13.Rfd1 Rac8 14.a3 Rfd8 15.h3
Bc6 16.Nd5 exd5 17.cxd5 Qa5 18.dxc6 bxc6 19.Qb6 Qe5 20.Bd4 Qxe4 21.Bf3 Qf4
22.Rxc6 Rxc6 23.Qxc6 Nd7 24.Qxa6 Nc5 25.Qe2 Ne6 26.Be3 Qa4 27.g3 h6 28.Bd5
Qd7 29.Rc1 Bf6 30.b3 Nd4 31.Qd3 Ne6 32.a4 Bb2 33.Rc2 Ba3 34.Qc4 Bc5 35.
Bxe6 fxe6 36.Bxc5 dxc5 37.Rc1 Rc8 38.b4 Re8 39.bxc5 Qc6 40.Qb5 Qc8 41.a5 
Re7 42.c6 e5 43.a6 Ra7 44.Qb7 Rxb7 45.axb7 Qc7 46.Rb1 1-0

[Event "EU-chT Seniors 03rd"]
[Site "Dresden"]
[Date "2001.02.26"]
[Round "1.4"]
[White "Gafke, Manfred"]
[Black "Barnstedt, Dietrich"]
[Result "0-1"]
[WhiteElo "1699"]
[BlackElo "2054"]
[EventDate "2001.02.26"]
[PlyCount "70"]

1.d4 Nf6 2.c4 e5 3.dxe5 Ne4 4.Nf3 Nc6 5.e3 d6 6.exd6 Bxd6 7.Be2 Qf6 8.O-O 
Bf5 9.Qb3 O-O-O 10.Nbd2 Nc5 11.Qc3 Qxc3 12.bxc3 Na4 13.Nd4 Nxc3 14.Bf3 
Nxd4 15.exd4 Rhe8 16.c5 Bf8 17.Ba3 Rxd4 18.Nb3 Ra4 19.Bb2 Nb5 20.h3 c6 21.
Rfe1 Rxe1+ 22.Rxe1 Be6 23.Bg4 Rxa2 24.Bxe6+ fxe6 25.Bc1 Kd7 26.Rd1+ Ke8 
27.Re1 a5 28.Rxe6+ Kd7 29.Re1 a4 30.Na5 Bxc5 31.Rd1+ Kc8 32.Be3 Bxe3 33.
fxe3 Re2 34.Nc4 a3 35.Kf1 Rc2 0-1

[Event "EU-chT Seniors 03rd"]
[Site "Dresden"]
[Date "2001.02.26"]
[Round "1.4"]
[White "Kohlschmidt, Christoph"]
[Black "Bakhmatov, Eduard"]
[Result "0-1"]
[WhiteElo "1826"]
[BlackElo "2246"]
[EventDate "2001.02.26"]
[PlyCount "104"]

1.e4 d5 2.exd5 Qxd5 3.Nc3 Qa5 4.d4 Nf6 5.Nf3 Bg4 6.Bc4 Nc6 7.Be3 Qh5 8.Be2
O-O-O 9.h3 e5 10.O-O exd4 11.hxg4 Nxg4 12.Bf4 dxc3 13.Qc1 Bd6 14.Nh2 Bxf4 
15.Qxf4 Qxh2+ 16.Qxh2 Nxh2 17.Kxh2 cxb2 18.Rab1 Rd2 19.Bg4+ Kb8 20.Rxb2 b6
21.Bf3 Ne5 22.Be4 f5 23.Bxf5 Rf8 24.Be4 Rfxf2 25.Rxf2 Rxf2 26.Kg3 Rf8 27.
Rb5 c5 28.a4 h5 29.Rb1 g5 30.a5 Rf4 31.Bh7 Kc7 32.axb6+ axb6 33.Re1 Kd6 
34.Rd1+ Ke7 35.Rd5 Kf6 36.Bg8 Rd4 37.Rxd4 cxd4 38.Bh7 Ng6 39.Bg8 Ne5 40.
Bh7 Ke6 41.Bg8+ Kd6 42.Kf2 Kc5 43.Ke2 Kb4 44.Kd2 h4 45.Be6 Ng6 46.Bf5 Nf4 
47.Be4 g4 48.Ke1 g3 49.Kf1 Kc3 50.Kg1 b5 51.Kf1 Kd2 52.Bf5 Nd5 0-1

[Event "EU-chT Seniors 03rd"]
[Site "Dresden"]
[Date "2001.02.26"]
[Round "1.4"]
[White "Lieb, Harald"]
[Black "Tochtermann, Georg"]
[Result "1-0"]
[WhiteElo "2229"]
[BlackElo "1905"]
[EventDate "2001.02.26"]
[PlyCount "89"]

1.d4 Nf6 2.Nf3 e6 3.c4 Bb4+ 4.Bd2 a5 5.g3 b6 6.Bg2 Bb7 7.O-O O-O 8.Nc3 d6 
9.a3 Bxc3 10.Bxc3 Ne4 11.Qc2 Nxc3 12.Qxc3 Nd7 13.b4 Qf6 14.Rfd1 Rfe8 15.
Rac1 axb4 16.axb4 Ra2 17.Rd2 Rea8 18.Ne5 dxe5 19.Bxb7 R8a3 20.Rxa2 Rxa2 
21.dxe5 Qxe5 22.Qxe5 Nxe5 23.f4 Ng4 24.Bf3 Ne3 25.Kf2 Nf5 26.Rd1 Kf8 27.
Rd7 c5 28.b5 Rc2 29.Rb7 Rxc4 30.Rxb6 Rb4 31.Rb8+ Ke7 32.b6 Nd4 33.Bg2 Rb2 
34.b7 Rxe2+ 35.Kf1 Rb2 36.Rc8 Rb1+ 37.Kf2 Rb2+ 38.Ke1 Rb1+ 39.Kd2 Rb2+ 40.
Kc1 Rxg2 41.b8=Q Ne2+ 42.Kd1 Nc3+ 43.Ke1 Re2+ 44.Kf1 Rxh2 45.Re8+ 1-0

[Event "EU-chT Seniors 03rd"]
[Site "Dresden"]
[Date "2001.02.26"]
[Round "1.4"]
[White "Litterst, Reinhard"]
[Black "Belov, Vadim G"]
[Result "1-0"]
[WhiteElo "1930"]
[BlackElo "2308"]
[EventDate "2001.02.26"]
[PlyCount "101"]

1.d4 d5 2.c4 e5 3.dxe5 d4 4.Nf3 Nc6 5.a3 Bg4 6.Nbd2 a5 7.h3 Bh5 8.b3 Bc5 
9.Bb2 Bg6 10.g3 Qe7 11.Bg2 h5 12.O-O Nh6 13.Nh4 Bh7 14.Ne4 Ba7 15.Qd2 Qxe5
16.Ng5 Bf5 17.e3 O-O 18.Ngf3 dxe3 19.Nxe5 exd2 20.Nxc6 bxc6 21.Bc3 Rad8 
22.Nf3 Rd3 23.Bxd2 Bxh3 24.Bxa5 Bg4 25.Ne5 Rxg3 26.Nxg4 Nxg4 27.Bxc7 Rxb3 
28.Bd6 Rc8 29.c5 Rb5 30.Rac1 Ra5 31.Rc3 Ra6 32.Rb1 Nf6 33.Kf1 Nd5 34.Rd3 
Nf6 35.Re3 Ra5 36.Rc3 g5 37.Rb7 g4 38.Be7 Kg7 39.Rb4 Nd7 40.Rbc4 f6 41.Be4
Re8 42.Bd6 Ra6 43.Bd3 Ra5 44.Be4 Ne5 45.Rb4 Kh6 46.Rb7 Kg5 47.Rg7+ Kf4 48.
Bxc6 Rc8 49.Rc4+ Kf5 50.Be4+ Kf4 51.Bb7+ 1-0

[Event "EU-chT Seniors 03rd"]
[Site "Dresden"]
[Date "2001.02.26"]
[Round "1.4"]
[White "Niedermayr, Horst"]
[Black "Koller, Karl"]
[Result "1-0"]
[WhiteElo "2216"]
[BlackElo "1804"]
[EventDate "2001.02.26"]
[PlyCount "61"]

1.e4 e5 2.Nf3 Nc6 3.d4 exd4 4.c3 dxc3 5.Nxc3 d6 6.Bc4 Be7 7.Qb3 Na5 8.
Bxf7+ Kf8 9.Qa4 c6 10.Bxg8 Rxg8 11.O-O b5 12.Qc2 Bf6 13.e5 dxe5 14.Qxh7 b4
15.Rd1 Qe7 16.Ne4 Nb7 17.Be3 Be6 18.Nfg5 Bd5 19.Qg6 Rh8 20.Nh7+ Rxh7 21.
Qxh7 Kf7 22.Rac1 a5 23.Nxf6 Kxf6 24.Qh5 Ke6 25.f4 Qf6 26.fxe5 Qxe5 27.Qg6+
Qf6 28.Qg4+ Qf5 29.Qxg7 Qf7 30.Qxf7+ Kxf7 31.Rxd5 1-0

[Event "EU-chT Seniors 03rd"]
[Site "Dresden"]
[Date "2001.02.26"]
[Round "1.4"]
[White "Piekarz, Peter"]
[Black "Hauswald, Gerd"]
[Result "1/2-1/2"]
[WhiteElo "2024"]
[BlackElo "1322"]
[EventDate "2001.02.26"]
[PlyCount "64"]

1.d4 Nf6 2.Nc3 d6 3.e4 g6 4.Bg5 Bg7 5.f4 O-O 6.Nf3 Nbd7 7.e5 Ne8 8.Be2 Nb6
9.O-O dxe5 10.fxe5 c6 11.Qd2 Nc7 12.Bh6 Bf5 13.Rad1 Qd7 14.Bxg7 Kxg7 15.
Nh4 Be6 16.b3 f6 17.Nf3 Rad8 18.Ne4 Bf5 19.exf6+ exf6 20.Nc5 Qc8 21.Nh4 
Be6 22.Nxe6+ Qxe6 23.Rfe1 Qe4 24.Nf3 Qf5 25.Bd3 Qd7 26.Re4 Rfe8 27.Rde1 
Rxe4 28.Rxe4 Re8 29.Rh4 Kg8 30.Qh6 Qg7 31.Qd2 Qe7 32.Re4 Qf7 1/2-1/2

[Event "EU-chT Seniors 03rd"]
[Site "Dresden"]
[Date "2001.02.26"]
[Round "1.4"]
[White "Rodemann, Edmund"]
[Black "Zanger, Konrad"]
[Result "1-0"]
[WhiteElo "1945"]
[BlackElo "1679"]
[EventDate "2001.02.26"]
[PlyCount "113"]

1.e4 e5 2.Nf3 Nc6 3.Nc3 Nf6 4.g3 d6 5.Bg2 Be7 6.h3 h6 7.O-O O-O 8.d4 Nh7 
9.Nd5 Nxd4 10.Nxe7+ Qxe7 11.Nxd4 exd4 12.Qxd4 Re8 13.Kh2 Nf6 14.Re1 a6 15.
Bd2 Rb8 16.Re3 Qe5 17.Qxe5 dxe5 18.Bc3 Nh7 19.Rd1 Nf8 20.Red3 f6 21.f4 
exf4 22.gxf4 Be6 23.b3 Bf7 24.f5 Rec8 25.e5 fxe5 26.Bxe5 g6 27.fxg6 Bxg6 
28.R3d2 b5 29.Bf3 h5 30.c3 Rb6 31.Rd8 Rbb8 32.Bxc7 Rxd8 33.Rxd8 Rxd8 34.
Bxd8 Ne6 35.Bb6 Bb1 36.a3 h4 37.Bb7 Bc2 38.b4 Kf7 39.Bxa6 Ba4 40.Bf2 Nf4 
41.Bb7 Bb3 42.Ba6 Ba4 43.Bxh4 Ke6 44.c4 bxc4 45.Bxc4+ Kd7 46.Bf2 Kc8 47.
Kg3 Nh5+ 48.Kf3 Kb7 49.Bd4 Bd1+ 50.Kf2 Ba4 51.h4 Bc2 52.Kf3 Bd1+ 53.Be2 
Ba4 54.Kg4 Be8 55.Be5 Bf7 56.Kg5 Be8 57.Bxh5 1-0

[Event "EU-chT Seniors 03rd"]
[Site "Dresden"]
[Date "2001.02.26"]
[Round "1.4"]
[White "Shabanov, Yuri"]
[Black "Mann, Dieter"]
[Result "1-0"]
[WhiteElo "2467"]
[BlackElo "1881"]
[EventDate "2001.02.26"]
[PlyCount "63"]

1.e4 c6 2.d4 d5 3.e5 Bf5 4.Nf3 e6 5.a3 c5 6.c4 Bxb1 7.Rxb1 Nc6 8.dxc5 dxc4
9.Be3 Qa5+ 10.Qd2 Rd8 11.Qxa5 Nxa5 12.Rc1 Ne7 13.Bxc4 Nxc4 14.Rxc4 Nd5 15.
Ke2 Rc8 16.Rhc1 a5 17.Nd2 Be7 18.Nb3 Bd8 19.Bd2 Ra8 20.Nd4 Bc7 21.f4 g5 
22.g3 Rg8 23.Nb5 gxf4 24.Bxf4 Ke7 25.Kf3 Ra6 26.Nd6 Bxd6 27.cxd6+ Kd7 28.
Rc7+ Nxc7 29.Rxc7+ Kd8 30.Rxb7 Rg7 31.Bh6 Rg6 32.Be3 1-0

[Event "EU-chT Seniors 03rd"]
[Site "Dresden"]
[Date "2001.02.27"]
[Round "2.1"]
[White "Alter, Helmut"]
[Black "Hecht, Hans Joachim"]
[Result "0-1"]
[WhiteElo "1784"]
[BlackElo "2436"]
[EventDate "2001.02.26"]
[PlyCount "54"]

1.e4 e6 2.d4 d5 3.exd5 exd5 4.c4 Nf6 5.Nc3 Be7 6.Nf3 O-O 7.Be2 Nbd7 8.O-O 
dxc4 9.Bxc4 Nb6 10.Be2 Nfd5 11.Re1 c6 12.a3 Bf5 13.Bd3 Bxd3 14.Qxd3 Re8 
15.Bd2 Nc7 16.Rad1 Ne6 17.Be3 Nd5 18.Qe4 Bxa3 19.Nxd5 cxd5 20.Qb1 Be7 21.
Qf5 g6 22.Qh3 Bf6 23.g4 Rc8 24.Qg3 Rc4 25.g5 Bg7 26.h4 Nxd4 27.Nxd4 Bxd4 
0-1

[Event "EU-chT Seniors 03rd"]
[Site "Dresden"]
[Date "2001.02.27"]
[Round "2.1"]
[White "Dahlhaus, Friedhelm"]
[Black "Rotstein, Jefim"]
[Result "0-1"]
[WhiteElo "2120"]
[BlackElo "2344"]
[EventDate "2001.02.26"]
[PlyCount "68"]

1.e4 c5 2.Nf3 e6 3.d4 cxd4 4.Nxd4 Nf6 5.Bd3 Nc6 6.Nxc6 dxc6 7.O-O e5 8.Nd2
Be7 9.Nc4 Qc7 10.a4 O-O 11.Qe2 Re8 12.Kh1 Be6 13.Bg5 Nd7 14.Bxe7 Rxe7 15.
Rfd1 Nc5 16.Qe3 Nxd3 17.Qxd3 Rd7 18.Qc3 Rad8 19.Rxd7 Qxd7 20.h3 Bxc4 21.
Qxc4 Qd4 22.Qe2 Qxb2 23.Rd1 Rxd1+ 24.Qxd1 Qd4 25.Qg4 g6 26.Qc8+ Kg7 27.
Qxb7 Qxa4 28.Qc7 Qxe4 29.Qxa7 Qxc2 30.Qa1 Qe4 31.Qc3 Qd4 32.Qxc6 Qxf2 33.
Qc7 Qd4 34.Kh2 h5 0-1

[Event "EU-chT Seniors 03rd"]
[Site "Dresden"]
[Date "2001.02.27"]
[Round "2.1"]
[White "Hunold, Rolf"]
[Black "Stavenhagen, Johannes"]
[Result "1-0"]
[WhiteElo "1979"]
[BlackElo "1862"]
[EventDate "2001.02.26"]
[PlyCount "65"]

1.e4 d5 2.exd5 Qxd5 3.d4 Bf5 4.Nc3 Qa5 5.Bc4 e6 6.Ne2 c6 7.O-O Nf6 8.Ng3 
Bd6 9.Nxf5 Qxf5 10.Bd3 Qh5 11.Qxh5 Nxh5 12.Ne4 Bc7 13.g3 Nd7 14.Re1 O-O-O 
15.Ng5 Rhf8 16.Nxh7 Rh8 17.Ng5 Rdf8 18.Bd2 Nhf6 19.Bb4 c5 20.dxc5 Nd5 21.
Ba3 Ne5 22.Be2 Nc6 23.c3 Rh6 24.Rad1 Rg6 25.h4 Bd8 26.Bh5 Rf6 27.Ne4 g6 
28.Nxf6 Bxf6 29.Bf3 Nde7 30.Kg2 Rg8 31.Bxc6 Nxc6 32.Re3 a6 33.Rf3 1-0

[Event "EU-chT Seniors 03rd"]
[Site "Dresden"]
[Date "2001.02.27"]
[Round "2.1"]
[White "Langmann, Claus"]
[Black "Neudel, Bernd"]
[Result "1/2-1/2"]
[WhiteElo "2001"]
[BlackElo "1782"]
[EventDate "2001.02.26"]
[PlyCount "58"]

1.e4 c5 2.Nf3 Nc6 3.d4 cxd4 4.Nxd4 d6 5.c4 Nf6 6.Nc3 a6 7.Be2 g6 8.Be3 Bg7
9.O-O O-O 10.Kh1 Bd7 11.f4 Nxd4 12.Bxd4 Bc6 13.Bf3 e6 14.Qd2 Qc7 15.Rac1 
Qe7 16.Qf2 Nd7 17.Bxg7 Kxg7 18.Rfd1 e5 19.f5 Rad8 20.Rd2 Nf6 21.Rcd1 Qc7 
22.Qh4 h6 23.g4 g5 24.Qf2 Ne8 25.b3 b6 26.Qe3 f6 27.b4 Rf7 28.b5 axb5 29.
cxb5 Ba8 1/2-1/2

[Event "EU-chT Seniors 03rd"]
[Site "Dresden"]
[Date "2001.02.27"]
[Round "2.1"]
[White "Rosen, Willy"]
[Black "Zaitsev, Igor A"]
[Result "1/2-1/2"]
[WhiteElo "2263"]
[BlackElo "2418"]
[EventDate "2001.02.26"]
[PlyCount "55"]

1.e4 e5 2.Nf3 Nc6 3.Bb5 a6 4.Ba4 Nf6 5.O-O Be7 6.Re1 b5 7.Bb3 O-O 8.d3 d6 
9.c3 a5 10.a4 b4 11.Nbd2 Rb8 12.h3 bxc3 13.bxc3 Ba6 14.Nf1 d5 15.exd5 Nxd5
16.Bxd5 Qxd5 17.c4 Qd7 18.Ba3 Bxa3 19.Rxa3 f6 20.Ne3 Rfd8 21.Qe2 Qd6 22.
Rea1 Rb1+ 23.Rxb1 Qxa3 24.Nd5 Nb4 25.Nxc7 Bb7 26.Ne6 Re8 27.Nc5 Bc6 28.Rb3
1/2-1/2

[Event "EU-chT Seniors 03rd"]
[Site "Dresden"]
[Date "2001.02.27"]
[Round "2.1"]
[White "Shestoperov, Aleksej"]
[Black "Nautsch, Werner"]
[Result "0-1"]
[WhiteElo "2437"]
[BlackElo "2206"]
[EventDate "2001.02.26"]
[PlyCount "102"]

1.d4 d6 2.e4 e5 3.Nf3 Nc6 4.Bb5 exd4 5.Nxd4 Bd7 6.O-O Nxd4 7.Bxd7+ Qxd7 8.
Qxd4 Ne7 9.Nc3 Nc6 10.Qc4 Be7 11.Be3 Ne5 12.Qe2 O-O 13.Rad1 a6 14.Nd5 Rae8
15.f4 Ng6 16.f5 Ne5 17.f6 Bd8 18.fxg7 Kxg7 19.Qh5 Kh8 20.Rf5 Qe6 21.Rdf1 
Qg6 22.Qh3 f6 23.Bg5 Nd7 24.Qc3 Re5 25.Nf4 Qe8 26.Bh6 Rg8 27.g3 Rxe4 28.
Nd5 Re5 29.Nxf6 Nxf6 30.Rxf6 Bxf6 31.Rxf6 Qc6 32.Qxc6 bxc6 33.Rf7 Rc8 34.
Rd7 Re2 35.Bg7+ Kg8 36.Bc3 Rxc2 37.Rg7+ Kf8 38.Rxh7 Re8 39.Rh8+ Ke7 40.Rh4
Kd7 41.Rf4 Ree2 42.h4 Rg2+ 43.Kf1 Rxg3 44.Be1 Rh3 45.Bf2 Rxb2 46.Kg2 Ra3 
47.h5 Rb5 48.h6 Rg5+ 49.Kh2 Rh5+ 50.Rh4 Rxh4+ 51.Bxh4 Ra5 0-1

[Event "EU-chT Seniors 03rd"]
[Site "Dresden"]
[Date "2001.02.27"]
[Round "2.1"]
[White "Uhlmann, Wolfgang"]
[Black "Biebinger, Gerhard"]
[Result "1/2-1/2"]
[WhiteElo "2412"]
[BlackElo "2344"]
[EventDate "2001.02.26"]
[PlyCount "89"]

1.c4 c6 2.d4 d5 3.Nf3 Nf6 4.Nc3 dxc4 5.a4 Bf5 6.e3 Bd3 7.Bxd3 cxd3 8.Qxd3 
e6 9.e4 Be7 10.Bg5 O-O 11.O-O h6 12.Bh4 Na6 13.Rfd1 Nb4 14.Qc4 a5 15.Qb3 
Re8 16.h3 b6 17.Rac1 Ra7 18.Bxf6 Bxf6 19.Na2 Nxa2 20.Qxa2 Qa8 21.Qb3 Rb8 
22.Rd2 b5 23.axb5 a4 24.Qd1 cxb5 25.d5 exd5 26.e5 Be7 27.Rxd5 b4 28.Rd3 
Rd8 29.Rxd8+ Bxd8 30.Nd4 Bg5 31.Ra1 Qd5 32.Nc2 Qxd1+ 33.Rxd1 b3 34.Na3 Bf4
35.Re1 Rc7 36.Kf1 Bc1 37.Re2 Bf4 38.g3 Bg5 39.Re4 Ra7 40.Nb5 Ra5 41.Nc3 a3
42.bxa3 Rxa3 43.Rb4 Bc1 44.Nb1 Ra5 45.Rxb3 1/2-1/2

[Event "EU-chT Seniors 03rd"]
[Site "Dresden"]
[Date "2001.02.27"]
[Round "2.1"]
[White "Vasiukov, Evgeni"]
[Black "Boehnisch, Manfred"]
[Result "1-0"]
[WhiteElo "2500"]
[BlackElo "2265"]
[EventDate "2001.02.26"]
[PlyCount "77"]

1.e4 c6 2.d4 d5 3.e5 Bf5 4.h4 h5 5.c4 e6 6.Nc3 Ne7 7.Bg5 Nd7 8.cxd5 exd5 
9.Nge2 Qb6 10.Qd2 f6 11.exf6 Nxf6 12.Ng3 Bg6 13.O-O-O O-O-O 14.Na4 Qc7 15.
Bf4 Rd6 16.f3 Ne8 17.Re1 Qd8 18.Qb4 c5 19.Nxc5 Rb6 20.Qc3 Nc6 21.Bd3 Bxd3 
22.Bg5 Nf6 23.Nxd3 Bb4 24.Nxb4 Rxb4 25.b3 Qa5 26.Kb2 Nd7 27.Re6 Kb8 28.
Rhe1 a6 29.Nf5 Nb6 30.Ka1 Rc8 31.Re8 Na4 32.Rxc8+ Kxc8 33.Ne7+ Kd7 34.Nxc6
bxc6 35.Re7+ Kd6 36.Qe3 Rxd4 37.Qxd4 Nc3 38.Qf4+ Kc5 39.b4+ 1-0

[Event "EU-chT Seniors 03rd"]
[Site "Dresden"]
[Date "2001.02.27"]
[Round "2.1"]
[White "Weber, Bernd"]
[Black "Kahn, Manfred"]
[Result "1/2-1/2"]
[WhiteElo "2146"]
[BlackElo "2107"]
[EventDate "2001.02.26"]
[PlyCount "37"]

1.d4 d5 2.Nf3 Nc6 3.Bf4 Bg4 4.e3 e6 5.Be2 Bd6 6.Bxd6 cxd6 7.Nbd2 Nf6 8.c4 
dxc4 9.Nxc4 O-O 10.O-O h6 11.Rc1 Qe7 12.h3 Bh5 13.Re1 Rac8 14.a3 Rc7 15.
Ncd2 Rfc8 16.Nb3 Bg6 17.Bd3 Bxd3 18.Qxd3 d5 19.Qb1 1/2-1/2

[Event "EU-chT Seniors 03rd"]
[Site "Dresden"]
[Date "2001.02.27"]
[Round "2.2"]
[White "Braun, Gottfried"]
[Black "Chernikov, Oleg L"]
[Result "0-1"]
[WhiteElo "2231"]
[BlackElo "2424"]
[EventDate "2001.02.26"]
[PlyCount "72"]

1.e4 c5 2.c3 Nf6 3.e5 Nd5 4.d4 cxd4 5.cxd4 e6 6.Nf3 b6 7.Bd2 Bb7 8.Nc3 
Nxc3 9.Bxc3 Be7 10.Bc4 O-O 11.O-O d5 12.Bb3 b5 13.Re1 b4 14.Bd2 Nc6 15.Be3
Na5 16.Bc2 Nc4 17.Qd3 g6 18.Bh6 Nxb2 19.Qb3 Nc4 20.Bxf8 Bxf8 21.Bd3 Ba6 
22.Rad1 Qb6 23.h4 Bb5 24.Re2 a5 25.h5 a4 26.Qc2 Na3 27.Qc1 Qa6 28.Bxb5 
Nxb5 29.Rb2 Nc3 30.Re1 a3 31.Rc2 Nxa2 32.Rxa2 b3 33.Rxa3 Qxa3 34.Qf4 b2 
35.hxg6 hxg6 36.Rb1 Qa2 0-1

[Event "EU-chT Seniors 03rd"]
[Site "Dresden"]
[Date "2001.02.27"]
[Round "2.2"]
[White "Eis, Helko"]
[Black "Baumgartner, Heinz"]
[Result "1/2-1/2"]
[WhiteElo "2123"]
[BlackElo "2366"]
[EventDate "2001.02.26"]
[PlyCount "83"]

1.Nf3 Nf6 2.e3 g6 3.d4 Bg7 4.Bd3 d6 5.Nbd2 Nc6 6.c3 e5 7.O-O O-O 8.e4 Nh5 
9.Nb3 Nf4 10.Bxf4 exf4 11.Re1 Re8 12.Bc4 Bd7 13.Nbd2 Qe7 14.b4 Rad8 15.Qb3
Rf8 16.e5 dxe5 17.d5 Nb8 18.Nxe5 Qd6 19.Nef3 b5 20.Bf1 Be8 21.Rad1 Qxd5 
22.Nc4 bxc4 23.Bxc4 Ba4 24.Bxd5 Bxb3 25.Bxb3 Rxd1 26.Rxd1 Bxc3 27.Rc1 Bxb4
28.Rxc7 Na6 29.Rxa7 Nc5 30.Bc4 Ne4 31.Ne5 Bc5 32.Bxf7+ Kh8 33.Rd7 Bxf2+ 
34.Kf1 Be3 35.Ke2 Nf6 36.Rc7 Rd8 37.Nc4 Bg1 38.h3 Ne4 39.a3 Bh2 40.Re7 
Nc3+ 41.Kf1 Bg3 42.Re8+ 1/2-1/2

[Event "EU-chT Seniors 03rd"]
[Site "Dresden"]
[Date "2001.02.27"]
[Round "2.2"]
[White "Hampel, Johannes"]
[Black "Starke, Burkhard"]
[Result "1/2-1/2"]
[WhiteElo "2079"]
[BlackElo "2089"]
[EventDate "2001.02.26"]
[PlyCount "45"]

1.d4 Nf6 2.c4 e6 3.Nc3 Bb4 4.e3 O-O 5.Bd3 c5 6.Nf3 Nc6 7.O-O Bxc3 8.bxc3 
d6 9.e4 e5 10.d5 Ne7 11.Nh4 Ng6 12.Nxg6 fxg6 13.f4 exf4 14.Bxf4 Nh5 15.Be3
Rxf1+ 16.Qxf1 Qe7 17.Qf3 Bd7 18.Rf1 Nf6 19.Bg5 Rf8 20.Qg3 b6 21.Re1 Re8 
22.Rf1 Rf8 23.Re1 1/2-1/2

[Event "EU-chT Seniors 03rd"]
[Site "Dresden"]
[Date "2001.02.27"]
[Round "2.2"]
[White "Jaeger, Erich"]
[Black "Walke, Guenter"]
[Result "1/2-1/2"]
[WhiteElo "1932"]
[BlackElo "1747"]
[EventDate "2001.02.26"]
[PlyCount "109"]

1.c4 f5 2.d4 Nf6 3.g3 e6 4.Bg2 c6 5.Nf3 d5 6.Nbd2 Bd6 7.O-O O-O 8.c5 Bc7 
9.b4 a6 10.Bb2 f4 11.gxf4 Bxf4 12.e3 Bc7 13.Ne5 Bd7 14.f4 Be8 15.Bf3 Kh8 
16.Kh1 Qe7 17.a3 Ng8 18.Rg1 Nh6 19.Qe2 Nd7 20.Rg3 Nxe5 21.dxe5 Rd8 22.Rag1
Bg6 23.Rg5 Rf7 24.h4 Rf5 25.h5 Be8 26.Rxg7 Qh4+ 27.Qh2 Qxh2+ 28.Kxh2 Rd7 
29.Rxd7 Bxd7 30.Nb3 Rf8 31.Kg2 Rg8+ 32.Kf2 Rxg1 33.Kxg1 Nf5 34.Kf2 Bd8 35.
Bg4 Nh6 36.Kf3 Nxg4 37.Kxg4 Kg7 38.Nd4 Be7 39.Bc1 Bd8 40.f5 exf5+ 41.Nxf5+
Kf7 42.Kf4 Bc7 43.Bb2 Be8 44.Kg3 Bd7 45.Kf4 Ke6 46.e4 dxe4 47.Kxe4 Kf7 48.
Bd4 Ke6 49.Bc3 Kf7 50.Be1 Ke6 51.Nd4+ Kf7 52.Bg3 Bd8 53.Nf3 b6 54.Bf2 b5 
55.Kf4 1/2-1/2

[Event "EU-chT Seniors 03rd"]
[Site "Dresden"]
[Date "2001.02.27"]
[Round "2.2"]
[White "Koksch, Guenther"]
[Black "Duemmke, Juergen"]
[Result "1/2-1/2"]
[WhiteElo "1996"]
[BlackElo "2050"]
[EventDate "2001.02.26"]
[PlyCount "33"]

1.d4 Nf6 2.Nc3 d5 3.Bg5 Bf5 4.f3 Bg6 5.e3 c6 6.Bd3 Bxd3 7.Qxd3 Nbd7 8.f4 
Qa5 9.Nf3 Ne4 10.O-O Nxc3 11.bxc3 e6 12.Rfb1 Qc7 13.c4 dxc4 14.Qxc4 Bd6 
15.Qb3 b6 16.Ne5 O-O 17.Nxd7 1/2-1/2

[Event "EU-chT Seniors 03rd"]
[Site "Dresden"]
[Date "2001.02.27"]
[Round "2.2"]
[White "Kunath, Emil"]
[Black "Weigel, Hans Juergen"]
[Result "0-1"]
[WhiteElo "1671"]
[BlackElo "1958"]
[EventDate "2001.02.26"]
[PlyCount "55"]

1.d4 Nf6 2.Bg5 e6 3.e4 Be7 4.Nd2 O-O 5.Bd3 d6 6.f4 c5 7.Ngf3 Nc6 8.c3 Qc7 
9.Rc1 a6 10.O-O b5 11.Kh1 Bb7 12.Qe1 Ng4 13.h3 Nf6 14.Qg3 Nh5 15.Qh4 g6 
16.g4 Nxf4 17.Bxe7 Qxe7 18.Ng5 f6 19.Rxf4 fxg5 20.Rxf8+ Rxf8 21.Qg3 cxd4 
22.c4 b4 23.Rf1 Rxf1+ 24.Bxf1 Qf8 25.Bg2 Ne5 26.b3 Qf4 27.Qe1 Nd3 28.Qc1 
0-1

[Event "EU-chT Seniors 03rd"]
[Site "Dresden"]
[Date "2001.02.27"]
[Round "2.2"]
[White "Ljuboschitz, Alexander"]
[Black "Schneider, Georg"]
[Result "1/2-1/2"]
[WhiteElo "2116"]
[BlackElo "2106"]
[EventDate "2001.02.26"]
[PlyCount "73"]

1.e4 c5 2.Nf3 d6 3.d4 cxd4 4.Nxd4 Nf6 5.Nc3 a6 6.Be2 e5 7.Nb3 Be6 8.O-O 
Nbd7 9.f4 exf4 10.Bxf4 Ne5 11.Kh1 Be7 12.Nd4 O-O 13.Nf5 Bxf5 14.exf5 Qb6 
15.Rb1 Rac8 16.Qe1 Rfe8 17.Qg3 Kh8 18.Bg5 Qa5 19.Rbd1 Qb6 20.Rb1 Qd8 21.
Bf4 b5 22.Rbd1 Qc7 23.a3 Nc4 24.Bxc4 Qxc4 25.Qd3 d5 26.Qxc4 Rxc4 27.Nxd5 
Nxd5 28.Rxd5 Bxa3 29.bxa3 Rxf4 30.Kg1 Ra4 31.Rf3 h6 32.Rc5 Re1+ 33.Kf2 
Rae4 34.f6 R4e2+ 35.Kg3 Rg1 36.fxg7+ Kxg7 37.Rf2 1/2-1/2

[Event "EU-chT Seniors 03rd"]
[Site "Dresden"]
[Date "2001.02.27"]
[Round "2.2"]
[White "Mueller, Siegmar"]
[Black "Biermann, Klaus"]
[Result "1-0"]
[WhiteElo "1839"]
[BlackElo "2027"]
[EventDate "2001.02.26"]
[PlyCount "37"]

1.Nc3 d5 2.e4 d4 3.Nce2 c5 4.Ng3 Nc6 5.Bb5 Qc7 6.Bxc6+ Qxc6 7.d3 e5 8.f4 
exf4 9.Bxf4 Ne7 10.Nf3 Bg4 11.h3 Ng6 12.Qd2 Be6 13.O-O Nxf4 14.Qxf4 Bd6 
15.e5 Be7 16.Rae1 O-O 17.Ng5 Bxg5 18.Qxg5 Bd5 19.Nf5 1-0

[Event "EU-chT Seniors 03rd"]
[Site "Dresden"]
[Date "2001.02.27"]
[Round "2.2"]
[White "Pojedziniec, Wladyslaw"]
[Black "Rahls, Peter"]
[Result "1/2-1/2"]
[WhiteElo "2225"]
[BlackElo "2299"]
[EventDate "2001.02.26"]
[PlyCount "69"]

1.d4 c5 2.e3 e6 3.c4 Nf6 4.Nf3 b6 5.Nc3 Bb7 6.d5 d6 7.Be2 e5 8.O-O Be7 9.
a3 O-O 10.h3 Ne8 11.e4 Bc8 12.b4 Nd7 13.Be3 g6 14.g4 Ng7 15.Bh6 Kh8 16.Qd2
Nf6 17.Ne1 Ng8 18.Be3 f5 19.f3 f4 20.Bf2 Bh4 21.Ng2 Bxf2+ 22.Kxf2 Nf6 23.
bxc5 bxc5 24.Rab1 Nd7 25.Rb2 h5 26.Rfb1 hxg4 27.hxg4 Ne8 28.Rh1+ Kg7 29.
Rbb1 Ndf6 30.Qc1 Nc7 31.Rh3 Rh8 32.Rxh8 Qxh8 33.Qh1 Qxh1 34.Rxh1 Rb8 35.
Rb1 1/2-1/2

[Event "EU-chT Seniors 03rd"]
[Site "Dresden"]
[Date "2001.02.27"]
[Round "2.3"]
[White "Beckel, Friedrich"]
[Black "Appelt, Gerd"]
[Result "1-0"]
[WhiteElo "1955"]
[BlackElo "1991"]
[EventDate "2001.02.26"]
[PlyCount "97"]

1.e4 e5 2.Nf3 Nc6 3.Bb5 a6 4.Ba4 Nf6 5.O-O Nxe4 6.d4 exd4 7.Re1 d5 8.Nxd4 
Bd6 9.Nxc6 Bxh2+ 10.Kh1 Qh4 11.Rxe4+ dxe4 12.Qd8+ Qxd8 13.Nxd8+ Kxd8 14.
Kxh2 Be6 15.Nc3 c5 16.a3 c4 17.Be3 b5 18.Nxb5 axb5 19.Bxb5 Kc7 20.Kg3 Rad8
21.Rh1 h6 22.a4 f6 23.Kf4 Bg8 24.Kf5 Bf7 25.Rh4 Rd5+ 26.Kxe4 Rh5 27.Rxh5 
Bxh5 28.Kd5 Bf7+ 29.Kc5 c3 30.b4 Bg6 31.Kd4 Bxc2 32.a5 Bf5 33.Kxc3 Bd7 34.
Bc4 Bc6 35.Bb6+ Kb7 36.f3 h5 37.b5 Rc8 38.bxc6+ Rxc6 39.Kd4 Rc8 40.Bd5+ 
Ka6 41.f4 g5 42.Bc4+ Kb7 43.f5 g4 44.Bc5 Rd8+ 45.Bd5+ Ka6 46.Be7 Rd7 47.
Bxf6 Kxa5 48.g3 Kb5 49.Bh4 1-0